Энциклопедия славянской филологии / (Record no. 497257)
[ view plain ]
| 000 -LEADER | |
|---|---|
| fixed length control field | 01786nam a2200277 a 4500 |
| 001 - CONTROL NUMBER | |
| control field | 001078024 |
| 003 - CONTROL NUMBER IDENTIFIER | |
| control field | AM-YeHGA |
| 005 - DATE AND TIME OF LATEST TRANSACTION | |
| control field | 20250617162857.0 |
| 008 - FIXED-LENGTH DATA ELEMENTS--GENERAL INFORMATION | |
| fixed length control field | 150508m1916 ru r 000 0 rus d |
| 040 ## - CATALOGING SOURCE | |
| Original cataloging agency | AM-YeHGA |
| 041 0# - LANGUAGE CODE | |
| Language code of text/sound track or separate title | rus |
| 090 ## - LOCALLY ASSIGNED LC-TYPE CALL NUMBER (OCLC); LOCAL CALL NUMBER (RLIN) | |
| -- | 500650 |
| 245 00 - TITLE STATEMENT | |
| Title | Энциклопедия славянской филологии / |
| Statement of responsibility, etc. | Под ред. И.В. Ягича. |
| 260 ## - PUBLICATION, DISTRIBUTION, ETC. | |
| Place of publication, distribution, etc. | Петроград : |
| Name of publisher, distributor, etc. | Тип. Император. АН, |
| Date of publication, distribution, etc. | 1916. |
| 300 ## - PHYSICAL DESCRIPTION | |
| Extent | [12] с., 110 л. факс. : |
| Other physical details | рукописи ; |
| Dimensions | 38 см. |
| 525 ## - SUPPLEMENT NOTE | |
| Supplement note | Приложение к Вып. 4.1-4.2.: Альбом снимков с юго-славянских рукописей болгарского и сербского письма П.А. Лаврова. Альбом снимков с кирилловских рукописей румынского происхождения Е. Калужняцкого и А. Соболевского |
| 650 14 - SUBJECT ADDED ENTRY--TOPICAL TERM | |
| Topical term or geographic name entry element | Славянские языки |
| General subdivision | Филология |
| 653 0# - INDEX TERM--UNCONTROLLED | |
| Uncontrolled term | Юго-славянские рукописи болгарского и сербского письма |
| 653 0# - INDEX TERM--UNCONTROLLED | |
| Uncontrolled term | Кирилловские рукописи румынского происхождения |
| 700 1# - ADDED ENTRY--PERSONAL NAME | |
| Personal name | Лавров, Петр Алексеевич |
| 700 1# - ADDED ENTRY--PERSONAL NAME | |
| Personal name | Калужняцкий, Е. |
| 700 1# - ADDED ENTRY--PERSONAL NAME | |
| Personal name | Соболевский, А. |
| 700 1# - ADDED ENTRY--PERSONAL NAME | |
| Personal name | Ягич, И.В. |
| Relator term | ред. |
| Relationship | edt |
| 740 02 - ADDED ENTRY--UNCONTROLLED RELATED/ANALYTICAL TITLE | |
| Uncontrolled related/analytical title | Альбом снимков с юго-славянских рукописей болгарского и сербского письма П.А. Лаврова |
| 740 02 - ADDED ENTRY--UNCONTROLLED RELATED/ANALYTICAL TITLE | |
| Uncontrolled related/analytical title | Альбом снимков с кирилловских рукописей румынского происхождения Е. Калужняцкого и А. Соболевского |
| Withdrawn status | Lost status | Damaged status | Not for loan | Collection | Home library | Current library | Date acquired | Total checkouts | Full call number | Barcode | Date last seen | Price effective from | Koha item type | Public note |
|---|---|---|---|---|---|---|---|---|---|---|---|---|---|---|
| General | Fundamental Scientific Library | Fundamental Scientific Library | 22/08/2019 | РIV/1010 | FL0593929 | 22/08/2019 | 22/08/2019 | Գրքեր / Books | 30 Days Loan | |||||
| General | Fundamental Scientific Library | Fundamental Scientific Library | 22/08/2019 | РIV/1008 | FL0593944 | 22/08/2019 | 22/08/2019 | Գրքեր / Books | 30 Days Loan | |||||
| General | Fundamental Scientific Library | Fundamental Scientific Library | 22/08/2019 | РIV/1009 | FL0593945 | 22/08/2019 | 22/08/2019 | Գրքեր / Books | 30 Days Loan |
ՀՀ Գիտությունների ազգային ակադեմիայի հիմնարար գիտական գրադարան = Fundamental Scientific Library of NAS RA
All site content, except where otherwise noted, is licensed under a